000
00304nam a2200133Ia 4500
008
191201s2015 xx 000 0 und d
100
_a
SHARMA, J K
245
0
_a
Discrete Mathematics
250
_a
4th
260
_c
2015
_b
Trinity
_a
New Delhi
300
_a
582
650
_a
CSE 3RD SEM
942
_2
ddc
_c
BB
999
_c
7737
_d
7737